Poesía hondureña de hoy : antología /

Đã lưu trong:
Chi tiết về thư mục
Tác giả khác: Acosta, Oscar (compilador)
Định dạng: Không biết
Ngôn ngữ:Spanish
Được phát hành: Honduras : Editorial Nuevo Continente, 1971.
Những chủ đề:
Các nhãn: Thêm thẻ
Không có thẻ, Là người đầu tiên thẻ bản ghi này!

MARC

LEADER 000000000a22000000004500
001 010809
041 0 |a spa 
082 0 4 |a Ho861.082   |b A179p 
700 1 |a Acosta, Oscar,   |e compilador 
245 0 0 |a Poesía hondureña de hoy :   |b antología /   |c Oscar Acosta, compilador. 
260 1 |a Honduras :   |b Editorial Nuevo Continente,   |c 1971. 
300 |a 271 páginas 
650 4 |a LITERATURA HONDUREÑA 
650 4 |a POESIA 
650 4 |a ANTOLOGIA 
999 |c 16213  |d 16213 
942 |c BK  |h Ho861.082 A179p  |2 z